00689nam a2200181 a 450000100100000000500170001000800410002704000250006810000420009324500290013525000110016426000440017530000210021950000630024004900090030395201780031299900170049000003341220240305094429.0110826s1978 dr 000 0 spa d aDO-SdBNPbspacBNPHU1 aCabral, Manuel del,d1907-199992355613aLa isla ofendida 1965 /. a4a ed. aSanto Domingo :bEditora Cosmos,c1978. a126 p. ;c21 cm. aIncluye datos biográficos del autor en la contracubierta aBNPD 0010718PDaPDbPDcCTd2011-08-26iLF1l0o p33412-10r2020-06-25w2020-06-25yLFPDzPerteneció a la biblioteca personal de Juan Isidro Jimenes Grullón.ZNo se presta c32903d32903